Indian natural rubber sector : An overview (Record no. 61064)

MARC details
000 -LEADER
fixed length control field 00605nam a2200181Ia 4500
100 ## - MAIN ENTRY--AUTHOR NAME
Personal name Mathew N M
245 #0 - TITLE STATEMENT
Title Indian natural rubber sector : An overview
260 ## - PUBLICATION, DISTRIBUTION, ETC. (IMPRINT)
Name of publisher Proceedings of the First Symposium on Plantation Crop Research : Current Trends and Future Challenges,8-9 July, 2004, Sri Lanka, pp.265-266.
650 ## - SUBJECT ADDED ENTRY--TOPICAL TERM
Topical Term India
650 ## - SUBJECT ADDED ENTRY--TOPICAL TERM
Topical Term Rubber cultivation
650 ## - SUBJECT ADDED ENTRY--TOPICAL TERM
Topical Term Rubber plantation industry
650 ## - SUBJECT ADDED ENTRY--TOPICAL TERM
Topical Term Rubber processing
650 ## - SUBJECT ADDED ENTRY--TOPICAL TERM
Topical Term Rubber production
650 ## - SUBJECT ADDED ENTRY--TOPICAL TERM
Topical Term Rubber sector
650 ## - SUBJECT ADDED ENTRY--TOPICAL TERM
Topical Term Rubber smallholdings
942 ## - ADDED ENTRY ELEMENTS (KOHA)
Koha item type Journals
Holdings
Withdrawn status Lost status Damaged status Not for loan Home library Current library Shelving location Date acquired Koha item type
      Journals RRII Library RRII Library Agricultural economics 17/12/2021 Journals